| 000 | 00429nam a2200181Ia 4500 | ||
|---|---|---|---|
| 001 | 18097 | ||
| 003 | IN-NITTTR | ||
| 005 | 20251114233211.0 | ||
| 008 | 251113s9999||||xx |||||||||||||| ||eng|| | ||
| 040 | _beng | ||
| 040 | _cIN-NITTTR | ||
| 041 | _aeng | ||
| 082 | _a005.265B E59A | ||
| 100 | _aEllis, Miles | ||
| 245 | 0 |
_aAdventure into BBC basic / _cEllis, Miles, Ellis, David |
|
| 700 | _a Ellis, David | ||
| 942 |
_2ddc _cBK |
||
| 999 |
_c20731 _d20731 |
||